000 00388nam a2200145 i 4500
001 42133
003 ES-MaACL
007 t|
008 030312s1967 sp ||||1| spa d
100 1 _aCastiella-Gassol, Juan.
_936629
245 1 3 _aEl problema gitano /
_cJuan Castiella-Gassol.
260 _aMadrid :
_bZYX,
_c[1967]
300 _a54 p. ;
_c17 cm.
852 _aES-MaACL
_jE-2544
_bR.63987
999 _c42133
_d42133